[Event "25th British Rapidplay"]
[Site "Leeds ENG"]
[Date "2011.11.19"]
[Round "1"]
[White "Raoof, Adam N"]
[Black "Turner, Matthew J"]
[Result "0-1"]
[BlackTitle "GM"]
[WhiteElo "2127"]
[BlackElo "2516"]
[WhiteFideId "405230"]
[BlackFideId "402893"]
[EventDate "2011.11.19"]

1. d4 Nf6 2. Nf3 e6 3. e3 b6 4. Bd3 Bb7 5. b3 Bb4+ 6. c3 Be7 7. Bb2 c5 8. O-O
Nc6 9. a3 O-O 10. c4 cxd4 11. exd4 d5 12. Nc3 Rc8 13. Rc1 dxc4 14. bxc4 Na5 15.
Ne5 Qc7 16. Re1 Rfd8 17. Nb5 Qb8 18. Qe2 Rf8 19. Qe3 a6 20. Qh3 g6 21. Nc3 Rcd8
22. d5 exd5 23. Nxg6 hxg6 24. Rxe7 d4 25. Bxg6 dxc3 26. Bxc3 Qf4 27. Rce1 Bc8
28. g4 Qxg4+ 29. Qxg4 Nxg4 30. h3 Nh6 31. R1e4 Rd7 32. Re8 fxg6 33. R4e7 Nf5 34.
Re6 0-1

[Event "25th British Rapidplay"]
[Site "Leeds ENG"]
[Date "2011.11.19"]
[Round "1"]
[White "Jones, Gawain C B"]
[Black "Solomon, Norman"]
[Result "1-0"]
[WhiteTitle "GM"]
[WhiteElo "2635"]
[BlackElo "2135"]
[WhiteFideId "409561"]
[BlackFideId "406503"]
[EventDate "2011.11.19"]

1. e4 Nf6 2. e5 Nd5 3. d4 d6 4. c4 Nb6 5. f4 dxe5 6. fxe5 Nc6 7. Be3 Bf5 8. Nc3
e6 9. Nf3 Be7 10. d5 Nb4 11. Nd4 Bg6 12. a3 c5 13. axb4 cxd4 14. Qxd4 Bxb4 15.
d6 Nd7 16. Be2 O-O 17. O-O Bc5 18. Qf4 Qb6 19. Bxc5 Qxc5+ 20. Kh1 Qxe5 21. Qxe5
Nxe5 22. c5 Rfd8 23. b4 a6 24. Bf3 Nxf3 25. Rxf3 Rac8 26. Kg1 b6 27. Na4 bxc5
28. bxc5 Bc2 29. d7 Rc7 30. Nb6 Be4 31. Rc3 Bc6 32. Rxa6 Kf8 33. Ra1 Ke7 34. Rd1
Bxd7 35. Rcd3 Rxc5 36. Rxd7+ Rxd7 37. Rxd7+ Kf6 38. Rd2 Rb5 39. Nc4 Rd5 40. Rxd5
exd5 41. Nd2 Ke5 42. Kf2 f5 43. Ke3 f4+ 44. Kd3 h6 45. Nf3+ Kf5 46. Kd4 Ke6 47.
Ne5 g5 48. Nd3 h5 49. Nf2 g4 50. Nd3 Kf5 51. Ne1 h4 52. Kxd5 f3 53. gxf3 gxf3
54. Nxf3 Kf4 1-0

[Event "25th British Rapidplay"]
[Site "Leeds ENG"]
[Date "2011.11.19"]
[Round "1"]
[White "Newton, Robert A"]
[Black "Davies, Nigel R"]
[Result "0-1"]
[BlackTitle "GM"]
[WhiteElo "2001"]
[BlackElo "2494"]
[WhiteFideId "406775"]
[BlackFideId "404420"]
[EventDate "2011.11.19"]

1. d4 e6 2. Nf3 f5 3. Bf4 Nf6 4. Nbd2 b6 5. e3 Bb7 6. c3 d5 7. Be2 Bd6 8. Ne5
O-O 9. Qc2 c5 10. f3 Nc6 11. O-O Rc8 12. Nxc6 Bxc6 13. Bxd6 Qxd6 14. f4 Kh8 15.
Rf3 Rg8 16. h4 Be8 17. Rh3 cxd4 18. exd4 Qxf4 19. Qd3 Bb5 20. Qxb5 Qxd2 21. Rd1
Qf4 22. Rf1 Qd6 23. h5 Rgf8 24. a4 Rc7 25. Qd3 Rg8 26. Bd1 g5 27. hxg6 Rxg6 28.
Qe3 Ne4 29. Rf4 Rcg7 30. Bf3 Ng5 31. Rh2 Qd7 32. b4 Qd6 33. Kh1 0-1

[Event "25th British Rapidplay"]
[Site "Leeds ENG"]
[Date "2011.11.19"]
[Round "1"]
[White "Briscoe, Chris"]
[Black "Weller, Jean-Luc"]
[Result "0-1"]
[WhiteTitle "CM"]
[WhiteElo "2220"]
[BlackElo "2074"]
[WhiteFideId "408360"]
[BlackFideId "421936"]
[EventDate "2011.11.19"]

1. d4 Nf6 2. c4 e6 3. g3 c5 4. d5 exd5 5. cxd5 d6 6. Nc3 g6 7. Nf3 Bg7 8. Bg2
O-O 9. O-O Re8 10. Nd2 a6 11. a4 Nbd7 12. h3 Nh5 13. Nc4 Ne5 14. Na3 f5 15. Kh2
Bd7 16. Bd2 Rb8 17. Rb1 b5 18. axb5 axb5 19. b4 c4 20. Nc2 f4 21. gxf4 Qh4 22.
e3 Bg4 23. f3 Qg3+ 24. Kh1 Bxh3 25. Rg1 Bxg2+ 26. Rxg2 Qh3+ 27. Rh2 Qxf3+ 28.
Rg2 Ng3+ 29. Kh2 Qxd1 30. Rxd1 Nf3+ 31. Kxg3 Nxd2 32. Ne2 Ne4+ 33. Kf3 Nf6 34.
Ned4 Nxd5 35. Nc6 Rb6 36. Rxd5 Rxc6 37. Rxb5 Rc7 38. Rg1 Kf7 39. Rd1 Re6 40.
Rbd5 Ke7 41. b5 Rb7 42. Rb1 h5 43. Nb4 c3 44. Nc6+ Kd7 45. Na5 Rb8 46. b6 c2 47.
Rc1 Rxb6 48. Rxc2 Ra6 49. Nc4 0-1

[Event "25th British Rapidplay"]
[Site "Leeds ENG"]
[Date "2011.11.19"]
[Round "2"]
[White "Maroroa, Sue"]
[Black "Wells, Peter K"]
[Result "0-1"]
[WhiteTitle "WIM"]
[BlackTitle "GM"]
[WhiteElo "2013"]
[BlackElo "2492"]
[WhiteFideId "4301498"]
[BlackFideId "400327"]
[EventDate "2011.11.19"]

1. e4 c5 2. Nc3 a6 3. f4 e6 4. Nf3 d5 5. d3 Nc6 6. Be2 g6 7. O-O Bg7 8. Qe1 Nge7
9. Qh4 Nd4 10. Bd1 b5 11. exd5 exd5 12. Re1 Ra7 13. Ne5 O-O 14. Ng4 Bxg4 15.
Qxg4 Nef5 16. Ne2 h5 17. Qh3 Re8 18. c3 Nc6 19. Bd2 Rae7 20. Qf3 Qd6 21. Bb3 c4
22. Bd1 d4 23. Bc2 Ne3 24. Bb1 cxd3 25. Bxd3 dxc3 26. Bxc3 Qxd3 27. Qxc6 Nc2 28.
Bxg7 Kxg7 29. Rad1 Qc4 0-1

[Event "25th British Rapidplay"]
[Site "Leeds ENG"]
[Date "2011.11.19"]
[Round "2"]
[White "Turner, Matthew J"]
[Black "Tavares, Shawn P"]
[Result "1-0"]
[WhiteTitle "GM"]
[WhiteElo "2516"]
[BlackElo "2218"]
[WhiteFideId "402893"]
[BlackFideId "7700016"]
[EventDate "2011.11.19"]

1. c4 Nf6 2. g3 c6 3. Nf3 d5 4. b3 g6 5. Bb2 Bg7 6. Bg2 O-O 7. O-O Nbd7 8. d3
Qc7 9. cxd5 cxd5 10. Nc3 a6 11. Rc1 Qd6 12. Rc2 b5 13. e4 Bb7 14. e5 Nxe5 15.
Nxe5 Qxe5 1-0

[Event "25th British Rapidplay"]
[Site "Leeds ENG"]
[Date "2011.11.19"]
[Round "2"]
[White "Longson, Alexander"]
[Black "Batchelor, Peter"]
[Result "1-0"]
[WhiteElo "2281"]
[BlackElo "2026"]
[WhiteFideId "408093"]
[BlackFideId "424854"]
[EventDate "2011.11.19"]

1. e4 c6 2. d4 d5 3. e5 Bf5 4. Nf3 e6 5. Be2 Nd7 6. O-O h6 7. Na3 c5 8. c4 Ne7
9. Nb5 Nc6 10. cxd5 exd5 11. dxc5 Ndxe5 12. Nxe5 Nxe5 13. Bf4 f6 14. Rc1 a6 15.
Nd4 Be4 16. Bxe5 fxe5 17. Ne6 Qe7 18. Nxf8 Rxf8 19. f3 Bg6 20. Qxd5 Rd8 21. Qb3
Rf6 22. Qc3 Rc6 23. b4 Kf8 24. Rfe1 Rd4 25. Bf1 Qg5 26. a4 Rc7 27. b5 axb5 28.
axb5 Be8 29. c6 bxc6 30. b6 Rb7 31. Qc5+ Qe7 32. Qxe7+ Rxe7 33. Rb1 Rd8 34. b7
Rb8 35. Ba6 c5 36. Rb6 Bd7 37. Rc1 Ke8 38. Rxc5 Kd8 39. Rd6 Re6 40. Rc8+ 1-0

[Event "25th British Rapidplay"]
[Site "Leeds ENG"]
[Date "2011.11.19"]
[Round "3"]
[White "Wells, Peter K"]
[Black "Shaw, Peter"]
[Result "1/2-1/2"]
[WhiteTitle "GM"]
[WhiteElo "2492"]
[BlackElo "2180"]
[WhiteFideId "400327"]
[BlackFideId "411361"]
[EventDate "2011.11.19"]

1. d4 d5 2. c4 e6 3. Nf3 Nf6 4. g3 dxc4 5. Bg2 Bb4+ 6. Bd2 a5 7. O-O O-O 8. Bg5
b5 9. a4 c6 10. Ne5 Ra6 11. Nc3 Rb6 12. e4 Nbd7 13. Nxd7 Qxd7 14. Bxf6 gxf6 15.
e5 f5 16. Qd2 Rd8 17. Qg5+ Kh8 18. axb5 cxb5 19. Qf6+ Kg8 20. Nd5 Ra6 21. Qg5+
Kh8 22. Qf6+ Kg8 23. Nxb4 axb4 24. Rxa6 Bxa6 25. Ra1 Qxd4 26. Rxa6 Qd1+ 27. Bf1
c3 28. bxc3 bxc3 29. Ra7 Rf8 30. Qg5+ Kh8 31. Qf6+ Kg8 32. Qg5+ 1/2-1/2

[Event "25th British Rapidplay"]
[Site "Leeds ENG"]
[Date "2011.11.19"]
[Round "3"]
[White "Jones, Gawain C B"]
[Black "Jaunooby, Ali R"]
[Result "1-0"]
[WhiteTitle "GM"]
[WhiteElo "2635"]
[BlackElo "2144"]
[WhiteFideId "409561"]
[BlackFideId "413291"]
[EventDate "2011.11.19"]

1. e4 d5 2. exd5 Nf6 3. d4 Nxd5 4. c4 Nb6 5. Nc3 g6 6. Nf3 Bg7 7. c5 N6d7 8. Bc4
O-O 9. Bg5 b6 10. O-O bxc5 11. Re1 Nf6 12. dxc5 Qxd1 13. Raxd1 e6 14. Nb5 Na6
15. c6 Rb8 16. Nxa7 Nb4 17. a3 Nbd5 18. b3 Nc3 19. Rc1 Nfe4 20. Bf4 Ra8 21. Nb5
Nxb5 22. Bxb5 Nc3 23. a4 Nd5 24. Be5 Bh6 25. Rc5 Ba6 26. Rxd5 exd5 27. Bxc7 Bg7
28. Rd1 d4 29. g3 Rfc8 30. Bf4 Bxb5 31. axb5 Ra3 32. b6 Rxc6 33. b7 Rb6 34. Rc1
g5 35. b8=R+ Rxb8 36. Bxb8 h6 37. Rc8+ Kh7 38. Nd2 Ra8 39. Nc4 d3 40. Kg2 d2 41.
Nxd2 Be5 42. Re8 Bxb8 43. Nc4 g4 44. b4 h5 45. Nb6 Ra1 46. Rxb8 h4 1-0

[Event "25th British Rapidplay"]
[Site "Leeds ENG"]
[Date "2011.11.19"]
[Round "3"]
[White "Weller, Jean-Luc"]
[Black "Davies, Nigel R"]
[Result "1-0"]
[BlackTitle "GM"]
[WhiteElo "2074"]
[BlackElo "2494"]
[WhiteFideId "421936"]
[BlackFideId "404420"]
[EventDate "2011.11.19"]

1. d4 c5 2. d5 g6 3. e4 Bg7 4. Nc3 d6 5. Nf3 Nf6 6. Bc4 O-O 7. h3 b5 8. Bxb5
Nxe4 9. Nxe4 Qa5+ 10. Nfd2 Qxb5 11. c4 Qd7 12. O-O e5 13. a3 a5 14. Rb1 Na6 15.
Re1 f5 16. Nc3 Qd8 17. Na2 Rb8 18. Nf1 Bd7 19. Bd2 f4 20. f3 Bf5 21. Nc3 Bxb1
22. Qxb1 e4 23. Rxe4 Qb6 24. Nb5 Be5 25. Qe1 a4 26. Ba5 Qb7 27. Qd1 Qd7 28. Qxa4
Bxb2 29. Bd2 Nc7 30. Qa7 Rxb5 31. cxb5 Ra8 32. Qb7 Bd4+ 33. Rxd4 cxd4 34. b6 g5
35. bxc7 Rc8 36. Ba5 Kg7 37. Bb6 Kg6 38. a4 d3 39. a5 Re8 40. Qc6 Qc8 41. Qxd6+
Kf7 42. Qh6 Qf5 43. Qh5+ Ke7 44. Nd2 Kd7 45. Ne4 d2 46. Nxd2 Re1+ 47. Kh2 Qxd5
48. Qg4+ Re6 49. Ne4 h5 50. Nf6+ Kc8 51. Nxd5 hxg4 52. hxg4 Re8 53. Nc3 Kb7 54.
Nb5 Rh8+ 55. Kg1 Kc6 56. Na7+ Kb7 57. c8=Q+ Rxc8 58. Nxc8 Kxc8 59. a6 1-0

[Event "25th British Rapidplay"]
[Site "Leeds ENG"]
[Date "2011.11.19"]
[Round "3"]
[White "Grant, David"]
[Black "Longson, Alexander"]
[Result "0-1"]
[WhiteElo "1863"]
[BlackElo "2281"]
[WhiteFideId "2401703"]
[BlackFideId "408093"]
[EventDate "2011.11.19"]

1. e4 e5 2. Nf3 Nc6 3. d4 exd4 4. Nxd4 Nf6 5. Nxc6 bxc6 6. e5 Qe7 7. Qe2 Nd5 8.
c4 Nb6 9. g3 a5 10. Bg2 Qe6 11. Nd2 Bc5 12. O-O O-O 13. Rb1 a4 14. Re1 Re8 15.
b3 axb3 16. axb3 Ra2 17. Bb2 d5 18. cxd5 cxd5 19. Qb5 Bf8 20. Rec1 Ba6 21. Qc6
Qxc6 22. Rxc6 Bd3 23. Bc3 Bxb1 24. Nxb1 Rc2 25. Nd2 Bb4 26. Nb1 Rc1+ 27. Bf1
Bxc3 28. Nxc3 d4 0-1

[Event "25th British Rapidplay"]
[Site "Leeds ENG"]
[Date "2011.11.19"]
[Round "4"]
[White "Turner, Matthew J"]
[Black "Weller, Jean-Luc"]
[Result "1-0"]
[WhiteTitle "GM"]
[WhiteElo "2516"]
[BlackElo "2074"]
[WhiteFideId "402893"]
[BlackFideId "421936"]
[EventDate "2011.11.19"]

1. c4 e5 2. g3 Nc6 3. Bg2 f5 4. Nc3 Nf6 5. e3 d5 6. cxd5 Nb4 7. d3 Nbxd5 8. Nxd5
Nxd5 9. Nf3 Bd6 10. O-O Nf6 11. e4 fxe4 12. dxe4 O-O 13. Be3 b6 14. Nh4 Bb7 15.
Nf5 Qd7 16. f3 Rad8 17. Qc2 Kh8 18. Rac1 Nd5 19. Bg5 Nb4 20. Qb3 Bc5+ 21. Rxc5
bxc5 22. Bxd8 Qxd8 23. Rd1 Qc8 24. Qc3 Qe6 25. Qxc5 Qb6 26. Qxb6 axb6 27. Rd7
Bc8 28. Rxc7 Bxf5 29. exf5 Nxa2 30. Rb7 h6 31. Rxb6 Rc8 32. h4 Rc1+ 33. Kh2 Rc2
34. Kh3 Nc1 35. Bf1 Kg8 36. b3 Rc3 37. Bc4+ Kf8 38. Kg4 h5+ 39. Kxh5 Rxf3 40. g4
e4 41. Kg6 Nd3 42. Bxd3 exd3 43. Rd6 d2 44. Rxd2 Rxb3 45. Rd8+ Ke7 46. Rg8 Rb4
47. Rxg7+ 1-0

[Event "25th British Rapidplay"]
[Site "Leeds ENG"]
[Date "2011.11.19"]
[Round "4"]
[White "Burns-Mannion, Stephen R"]
[Black "Wells, Peter K"]
[Result "0-1"]
[WhiteTitle "IM"]
[BlackTitle "GM"]
[WhiteElo "2351"]
[BlackElo "2492"]
[WhiteFideId "2400111"]
[BlackFideId "400327"]
[EventDate "2011.11.19"]

1. e4 e5 2. Nf3 Nc6 3. Bb5 a6 4. Ba4 Nf6 5. O-O Be7 6. Re1 b5 7. Bb3 d6 8. c3
O-O 9. d4 Bg4 10. Be3 exd4 11. cxd4 Na5 12. Bc2 c5 13. dxc5 dxc5 14. Nbd2 Nc6
15. Qb1 Qc7 16. a3 Rfe8 17. h3 Bh5 18. Nh4 Bd6 19. Nf5 Bh2+ 20. Kh1 Bf4 21. Nf1
Bg6 22. Bxc5 Bxf5 23. exf5 Ne5 24. b4 Ned7 25. Bd4 Rxe1 26. Qxe1 Qxc2 0-1

[Event "25th British Rapidplay"]
[Site "Leeds ENG"]
[Date "2011.11.19"]
[Round "4"]
[White "Shaw, Peter"]
[Black "Walker, David J"]
[Result "1/2-1/2"]
[BlackTitle "FM"]
[WhiteElo "2180"]
[BlackElo "2281"]
[WhiteFideId "411361"]
[BlackFideId "400882"]
[EventDate "2011.11.19"]

1. d4 d6 2. Nf3 Bg4 3. e4 Nf6 4. Nc3 e6 5. Be2 Be7 6. O-O O-O 7. Be3 Nbd7 8. Nd2
Bxe2 9. Qxe2 a6 10. a4 d5 11. e5 Ne8 12. f4 g6 13. Qf2 Ng7 14. g4 f6 15. exf6
Rxf6 16. Qg2 Kh8 17. Ne2 Qg8 18. Nf3 a5 19. Ne5 Nxe5 20. fxe5 Rxf1+ 21. Rxf1 Rf8
22. b3 Rxf1+ 23. Qxf1 Qf8 24. Qxf8+ Bxf8 25. Bh6 Kg8 26. Nf4 Kf7 27. Nd3 b6 28.
Kf2 Ne8 29. Bxf8 Kxf8 30. Ke3 Ke7 31. h3 c6 32. c3 Nc7 33. b4 axb4 34. cxb4 g5
35. a5 bxa5 36. bxa5 Na6 37. Kd2 Kd7 38. Kc3 Kc7 39. Nb4 Nb8 40. Nd3 Na6 41. Nb4
Nb8 42. Nd3 1/2-1/2

[Event "25th British Rapidplay"]
[Site "Leeds ENG"]
[Date "2011.11.19"]
[Round "5"]
[White "Jones, Gawain C B"]
[Black "Turner, Matthew J"]
[Result "1/2-1/2"]
[WhiteTitle "GM"]
[BlackTitle "GM"]
[WhiteElo "2635"]
[BlackElo "2516"]
[WhiteFideId "409561"]
[BlackFideId "402893"]
[EventDate "2011.11.19"]

1. e4 e5 2. Nf3 Nc6 3. d4 exd4 4. Bc4 d6 5. Nxd4 Be7 6. O-O Nf6 7. Nc3 O-O 8. h3
Nxd4 9. Qxd4 Nd7 10. Nd5 Bf6 11. Nxf6+ Qxf6 12. Be3 Re8 13. f3 Qg6 14. Kh1 Nf6
15. g4 h5 16. Bd3 hxg4 17. hxg4 Bxg4 18. fxg4 Nxg4 19. Bf4 Re6 20. Rf3 Rae8 21.
Rh3 c5 22. Qg1 c4 23. Rh4 cxd3 24. cxd3 Nh6 25. Bxh6 Qxh6 26. Qh2 Qxh4 27. Qxh4
Rh6 28. Qxh6 gxh6 29. Rc1 Re5 30. Rc7 Rb5 31. b3 Ra5 32. Rxb7 Rxa2 33. Rd7 Ra6
34. Kg2 Kg7 35. Kf3 Kf6 36. Ke3 Ke6 37. Rc7 f5 38. Rh7 fxe4 39. Kxe4 Rb6 40.
Rxh6+ Kd7 41. Kd5 Rb5+ 42. Kc4 Rc5+ 43. Kd4 Rb5 44. Rh7+ Kc6 45. Rxa7 Rxb3 46.
Kc4 Rb1 47. Ra6+ Kd7 48. d4 Ke6 49. Ra3 1/2-1/2

[Event "25th British Rapidplay"]
[Site "Leeds ENG"]
[Date "2011.11.19"]
[Round "5"]
[White "Wells, Peter K"]
[Black "Longson, Alexander"]
[Result "1/2-1/2"]
[WhiteTitle "GM"]
[WhiteElo "2492"]
[BlackElo "2281"]
[WhiteFideId "400327"]
[BlackFideId "408093"]
[EventDate "2011.11.19"]

1. d4 d5 2. c4 e6 3. Nf3 Nf6 4. g3 Bb4+ 5. Bd2 Be7 6. Bg2 O-O 7. O-O c6 8. Bf4
b6 9. Nc3 Bb7 10. Rc1 a6 11. Ne5 b5 12. cxd5 cxd5 13. Qb3 Ra7 14. Rc2 Nbd7 15.
Nxd7 Qxd7 16. Rfc1 Rc8 17. Nb1 Bd8 18. Nd2 Nh5 19. Be5 Raa8 20. e4 Rxc2 21. Rxc2
f6 22. exd5 Bxd5 23. Bxd5 exd5 24. Bc7 Kh8 25. Bxd8 Rxd8 26. Qf3 g6 27. Nf1 f5
28. Ne3 Nf6 29. Qf4 Qd6 30. Rc8 Kg7 31. Rc7+ Kg8 32. Ng2 Qxf4 33. Nxf4 Rd6 34.
f3 Kf8 35. Kf2 Ke8 36. Ra7 Rc6 37. Ke3 Kd8 38. Nd3 Nd7 39. Nb4 Rd6 40. Rxa6 Nb6
41. b3 h6 42. Kd3 g5 43. a3 f4 1/2-1/2

[Event "25th British Rapidplay"]
[Site "Leeds ENG"]
[Date "2011.11.19"]
[Round "5"]
[White "Richardson, Alex"]
[Black "Milson, Samuel A"]
[Result "1-0"]
[WhiteElo "2114"]
[BlackElo "2047"]
[WhiteFideId "408239"]
[BlackFideId "418838"]
[EventDate "2011.11.19"]

1. c4 c5 2. g3 Nc6 3. Bg2 g6 4. Nc3 Bg7 5. Nf3 e6 6. d3 Nge7 7. Bd2 a6 8. a3 Rb8
9. Rb1 b5 10. cxb5 axb5 11. b4 O-O 12. h4 h5 13. Ne4 d5 14. Nxc5 e5 15. O-O Qd6
16. Qb3 Be6 17. Nxe6 Qxe6 18. Be3 Rfd8 19. Bc5 Nf5 20. Ng5 Qd7 21. e3 Bf8 22.
Rfc1 Ng7 23. Bh3 Qe8 24. Rc2 Ne6 25. Bxe6 fxe6 26. Bxf8 Kxf8 27. Rbc1 Rdc8 28.
Rc5 Qd7 29. Qc3 d4 30. exd4 exd4 31. Qe1 Nd8 32. Qe5 Rxc5 33. Rxc5 Rb7 34. Qf6+
Kg8 35. Qxg6+ Kf8 36. Qf6+ Kg8 37. Ne4 Qf7 38. Qxd8+ 1-0

[Event "25th British Rapidplay"]
[Site "Leeds ENG"]
[Date "2011.11.19"]
[Round "6"]
[White "Davies, Nigel R"]
[Black "Jones, Gawain C B"]
[Result "0-1"]
[WhiteTitle "GM"]
[BlackTitle "GM"]
[WhiteElo "2494"]
[BlackElo "2635"]
[WhiteFideId "404420"]
[BlackFideId "409561"]
[EventDate "2011.11.19"]

1. g3 f5 2. d4 e6 3. Bg2 Nf6 4. c4 Be7 5. Nf3 O-O 6. Nc3 d6 7. Qc2 Nc6 8. d5 Nb4
9. Qb3 Na6 10. dxe6 Nc5 11. Qc2 Nfe4 12. Nd5 Nxe6 13. O-O Bf6 14. e3 Bd7 15. Rd1
Qe8 16. Nd4 Nxd4 17. Nxf6+ Rxf6 18. exd4 Re6 19. d5 Re7 20. Be3 b6 21. Bd4 Qh5
22. Re1 Rae8 23. Re3 Ng5 24. Qd1 Qg6 25. Rxe7 Rxe7 26. Be3 f4 27. Bxf4 Nh3+ 28.
Bxh3 Bxh3 29. f3 Rf7 30. Kf2 Qf6 31. Qe2 g5 32. Be3 Bg4 33. Kg1 Bxf3 34. Qd3
Qxb2 0-1

[Event "25th British Rapidplay"]
[Site "Leeds ENG"]
[Date "2011.11.19"]
[Round "6"]
[White "Walker, David J"]
[Black "Wells, Peter K"]
[Result "1-0"]
[WhiteTitle "FM"]
[BlackTitle "GM"]
[WhiteElo "2281"]
[BlackElo "2492"]
[WhiteFideId "400882"]
[BlackFideId "400327"]
[EventDate "2011.11.19"]

1. c4 Nf6 2. g3 c6 3. Bg2 d5 4. Nf3 Bg4 5. Ne5 Be6 6. cxd5 Bxd5 7. Nf3 c5 8. Nc3
Bc6 9. O-O e6 10. d4 cxd4 11. Qxd4 Qxd4 12. Nxd4 Bxg2 13. Kxg2 a6 14. Bg5 Nbd7
15. Rac1 Be7 16. Rfd1 Nb6 17. Bxf6 gxf6 18. Ne4 f5 19. Nc5 Rb8 20. Kf3 O-O 21.
h3 Rfc8 22. b4 Rd8 23. g4 fxg4+ 24. hxg4 Rbc8 25. Ndb3 Rxd1 26. Rxd1 Nd5 27. a3
Bxc5 28. Nxc5 a5 29. e4 Nc3 30. Rd7 b6 31. Nb7 axb4 32. axb4 Nb5 33. Nd6 Nd4+
34. Kf4 f6 35. Nxc8 1-0

[Event "25th British Rapidplay"]
[Site "Leeds ENG"]
[Date "2011.11.19"]
[Round "6"]
[White "Longson, Alexander"]
[Black "Weller, Jean-Luc"]
[Result "1-0"]
[WhiteElo "2281"]
[BlackElo "2074"]
[WhiteFideId "408093"]
[BlackFideId "421936"]
[EventDate "2011.11.19"]

1. e4 e6 2. d4 d5 3. Nd2 Nf6 4. e5 Nfd7 5. f4 c5 6. Ngf3 Nc6 7. Nb3 Qb6 8. c3
cxd4 9. Nbxd4 Be7 10. Be2 Nxd4 11. cxd4 Bb4+ 12. Kf2 f6 13. h4 Be7 14. Rb1 O-O
15. Be3 Qa5 16. Bd3 b5 17. Qc2 h6 18. Qc6 Qb6 19. Bxb5 Rb8 20. Qxb6 Rxb6 21. Bd3
Ba6 22. Ke2 Rfb8 23. b3 Ba3 24. Bc1 Be7 25. Bd2 Kf7 26. Rbc1 Bxd3+ 27. Kxd3 Ra6
28. Rc2 Ke8 29. h5 Kd8 30. g4 Ba3 31. g5 hxg5 32. fxg5 fxe5 33. Nxe5 Nxe5+ 34.
dxe5 Kd7 35. h6 Rh8 36. h7 Rb6 1-0

[Event "25th British Rapidplay"]
[Site "Leeds ENG"]
[Date "2011.11.19"]
[Round "6"]
[White "Turner, Matthew J"]
[Black "Richardson, Alex"]
[Result "1-0"]
[WhiteTitle "GM"]
[WhiteElo "2516"]
[BlackElo "2114"]
[WhiteFideId "402893"]
[BlackFideId "408239"]
[EventDate "2011.11.19"]

1. c4 c5 2. g3 Nc6 3. Bg2 g6 4. Nc3 Bg7 5. e3 Nf6 6. Nge2 h5 7. h3 d6 8. d4 Bd7
9. b3 Qc8 10. Bb2 O-O 11. dxc5 dxc5 12. Nf4 Rd8 13. Qe2 Bf5 14. Rd1 Rxd1+ 15.
Qxd1 Qc7 16. O-O Rd8 17. Qe2 Qc8 18. Kh2 Nb4 19. e4 Be6 20. e5 Ne8 21. Ncd5 Nc6
22. Re1 Bh6 23. Nxe6 Qxe6 24. h4 Qd7 25. Rd1 Qc8 26. e6 fxe6 27. Bh3 Ng7 28.
Bxg7 Kxg7 29. Bxe6 Qb8 30. f4 Rd6 31. f5 Nd4 32. Qe5+ Kh7 33. fxg6+ Kxg6 34.
Rxd4 cxd4 35. Nxe7+ Kh7 36. Bf5+ 1-0

[Event "25th British Rapidplay"]
[Site "Leeds ENG"]
[Date "2011.11.20"]
[Round "7"]
[White "Longson, Alexander"]
[Black "Turner, Matthew J"]
[Result "0-1"]
[BlackTitle "GM"]
[WhiteElo "2281"]
[BlackElo "2516"]
[WhiteFideId "408093"]
[BlackFideId "402893"]
[EventDate "2011.11.19"]

1. e4 c5 2. Nf3 g6 3. c3 d5 4. exd5 Qxd5 5. d4 Bg7 6. Be3 cxd4 7. cxd4 Nf6 8.
Nc3 Qa5 9. Bc4 O-O 10. O-O Bg4 11. h3 Bxf3 12. Qxf3 Nc6 13. Bb3 Qb4 14. Rad1 Na5
15. Nd5 Nxd5 16. Bxd5 e6 17. Be4 Qxb2 18. Rb1 Qa3 19. Bxb7 Nxb7 20. Rxb7 Rab8
21. Rfb1 Rxb7 22. Rxb7 Qxa2 23. Qc6 Qa1+ 24. Kh2 Bxd4 25. Qe4 Bxe3 26. Qxe3 a5
27. Ra7 Kg7 28. Qf4 Qc3 29. Kg1 e5 30. Qe3 Qxe3 31. fxe3 Kf6 32. Kf2 Rb8 33.
Rxa5 h6 34. Ra7 Rb4 35. Kf3 h5 36. g4 h4 37. Ra8 e4+ 38. Kf2 Rb2+ 39. Kg1 Re2
40. Ra3 Kg5 41. Rb3 Kf6 42. Ra3 Ke6 43. Rb3 Kd5 44. Ra3 Kc4 45. g5 Kb4 46. Ra7
Rxe3 47. Rxf7 Kc3 48. Rf6 Rxh3 49. Rxg6 Kd2 50. Rd6+ Ke2 51. Rg6 e3 52. Rg8 Rg3+
53. Kh2 Kf1 54. Rf8+ Ke1 55. Rg8 e2 56. g6 Rf3 57. g7 Rf7 58. Kg2 Rd7 59. Kg1
Kd2 0-1

[Event "25th British Rapidplay"]
[Site "Leeds ENG"]
[Date "2011.11.20"]
[Round "7"]
[White "Richardson, Alex"]
[Black "Burns-Mannion, Stephen R"]
[Result "0-1"]
[BlackTitle "IM"]
[WhiteElo "2114"]
[BlackElo "2351"]
[WhiteFideId "408239"]
[BlackFideId "2400111"]
[EventDate "2011.11.19"]

1. c4 Nf6 2. g3 c6 3. Nf3 d5 4. Bg2 dxc4 5. O-O Nbd7 6. Qc2 Nb6 7. Na3 Qd5 8.
Ne1 Qf5 9. e4 Qh5 10. Nxc4 Bh3 11. d4 Bxg2 12. Kxg2 Nxc4 13. Qxc4 Nxe4 14. Nf3
Qd5 15. Qxd5 cxd5 16. Bf4 e6 17. Rac1 Bd6 18. Ne5 f6 19. Nd3 Bxf4 20. Nxf4 Kd7
21. Rfe1 Rac8 22. f3 Rxc1 23. Rxc1 Nd6 24. Re1 Re8 25. Kf2 Nf5 26. Rd1 Rc8 27.
Rd2 Rc4 28. Ne2 b5 29. b3 Rc7 30. g4 Ne7 31. Nf4 Nc6 32. Nh5 Kd6 33. Ke3 Nb4 34.
h4 a5 35. f4 e5 36. g5 Rc3+ 37. Ke2 exf4 38. gxf6 gxf6 39. Nxf6 Rh3 40. h5 h6
41. a3 Nc6 42. Kd1 Rxb3 0-1

[Event "25th British Rapidplay"]
[Site "Leeds ENG"]
[Date "2011.11.20"]
[Round "7"]
[White "Wells, Peter K"]
[Black "Jaunooby, Ali R"]
[Result "1-0"]
[WhiteTitle "GM"]
[WhiteElo "2492"]
[BlackElo "2144"]
[WhiteFideId "400327"]
[BlackFideId "413291"]
[EventDate "2011.11.19"]

1. d4 c5 2. d5 Nf6 3. Nc3 g6 4. e4 d6 5. Bb5+ Bd7 6. a4 Qa5 7. Bd2 Bg7 8. f4 O-O
9. Nf3 a6 10. Bxd7 Nbxd7 11. O-O Qc7 12. Qe2 Nb6 13. a5 Nc8 14. e5 Nd7 15. e6
fxe6 16. Ng5 Bd4+ 17. Kh1 exd5 18. Qe6+ Kg7 19. Qh3 Qc6 20. Qxh7+ Kf6 21. Rae1
Be3 22. Rxe3 e5 23. fxe5+ 1-0